000 00826nam a2200229Ii 4500
003 JO-AjNU
008 230605s9999||||xx |||||||||||||| ||und||
017 _a2013/9/3158
020 _a978-9957-8681-1-6
040 _aJO-AjNU
_bara
_erda
_cJO-AjNU
041 _aara
050 1 4 _aKMM374.2014
100 3 _aالشوملي، محمود عقلة,
_eauthor
_950573
245 0 0 _aموسوعة التشريعات العسكرية: أمن عام، جيش، درك، دفاع مدني،مخابرات
250 _aالطبعة الأولى 2014
264 3 1 _aعمان،الأردن: محمود عقلة الشوملي، 2014
300 _a584ص
336 _atext
_btxt
_2rdacontent
337 _aunmediated
_bn
_2rdamedia
338 _avolume
_bnc
_2rdacarrier
650 4 _aقانون -- تشريعات -- عسكري
_950574
999 _aA22286
_c25854
_d25854